000 00449nam a2200181Ia 4500
005 20240823011525.0
008 240823s9999||||xx |||||||||||||| ||und||
041 _aENGLISH
082 _A621.406 P1
100 _aYahya S M
245 0 _aFundamentals of Compressible Flow
250 _a2nd
260 _c2001
_b"New Age,Mew Delhi"
500 _aTRANSFERED
650 _aCompressible
_bAeronautical Engineering
942 _cBK
999 _c161784
_d161784